Determinación de los tiempos críticos de liberación de fallas del sistema eléctrico costarricense hasta el año 2020 y su evolución en el tiempo
Guardat en:
| Autor principal: | |
|---|---|
| Format: | Llibre |
| Publicat: |
[San José, Costa Rica]
2006
|
| Matèries: | |
| Etiquetes: |
Afegir etiqueta
Sense etiquetes, Sigues el primer a etiquetar aquest registre!
|
MARC
| LEADER | 00000nam a2200000Ia 4500 | ||
|---|---|---|---|
| 003 | 009815 | ||
| 005 | 20221231144113.0 | ||
| 008 | 140114s2006 cr a 000 ||s d | ||
| 040 | |c cru CEDI | ||
| 090 | |a TFG 5339 | ||
| 100 | |a Solís Hernández, Edgardo |9 3177 | ||
| 245 | |a Determinación de los tiempos críticos de liberación de fallas del sistema eléctrico costarricense hasta el año 2020 y su evolución en el tiempo | ||
| 260 | |c 2006 |b [San José, Costa Rica] | ||
| 300 | |a xi, 88 hojas; ilustraciones (algunas a color), 3 planos plegables | ||
| 500 | |a Proyecto de graduación (bachillerato en ingeniería eléctrica)--Universidad de Costa Rica. Facultad de Ingeniería. Escuela de Ingeniería Eléctrica | ||
| 650 | |x SISTEMAS DE ENERGIA ELECTRICA |x DENSIDAD ELECTRICA |x DISTRIBUCION DE ENERGIA ELECTRICA |x TRANSMISION DE POTENCIA |x SUBESTACIONES ELECTRICAS |x COSTA RICA |x INSTITUTO COSTARRICENSE DE ELECTRICIDAD |9 5108 | ||
| 942 | |c TFG | ||
| 999 | |c 16938 |d 16938 | ||
